000 00670nac a22002297a 4500
001 BR9903022
003 BR-BrBNA
005 20240105122230.0
008 230509b bl.|||m| |||| 00| 0 por d
040 _aBR-BrBNA
_bpor
_cBiblioteca Nacional de Agricultura
072 _aE50
090 _aE50 BR9903022
110 1 _aCoordenadoria de Assistencia Tecnica Integral, Campinas, SP (Brasil)
245 1 _aSeguro rural COSESP
260 3 _aCampinas, SP (Brasil):
300 _a2 p.
490 _aCATI Responde (Brazil)
_vno. 38
_x
650 _aSeguro Rural
650 _aSociologia Rural
909 _a202312
_bLúcia Elande
_c55
_dLúcia Elande
942 _2AGRIS
_n0
_cMS
999 _c289925
_d289925